MARC details
| 000 -CABECERA |
| campo de control de longitud fija |
02538cab a2200313 ab4500 |
| 005 - FECHA Y HORA DE LA ÚLTIMA TRANSACCIÓN |
| campo de control |
20241023121407.0 |
| 008 - ELEMENTOS DE LONGITUD FIJA--INFORMACIÓN GENERAL |
| campo de control de longitud fija |
991125c2018 sp tr p o 000 0 spa d |
| 035 ## - NÚMERO DE CONTROL DEL SISTEMA |
| Número de control de sistema |
UPN01000228251 |
| 040 ## - FUENTE DE LA CATALOGACIÓN |
| Centro catalogador/agencia de origen |
MX-MxUPN |
| Lengua de catalogación |
spa |
| Centro/agencia transcriptor |
MX-MxUPN |
| Normas de descripción |
aacr2 |
| 049 ## - COLECCIÓN |
| Colección |
ART-E |
| 100 1# - ASIENTO PRINCIPAL--NOMBRE PERSONAL |
| Nombre de persona |
Rodríguez Miñambres, Paloma |
| 100 1# - ASIENTO PRINCIPAL--NOMBRE PERSONAL |
| Nombre de persona |
Rico Martínez, Arantza |
| 100 1# - ASIENTO PRINCIPAL--NOMBRE PERSONAL |
| Nombre de persona |
López de Sosoaga, Alfredo |
| Enlace |
- alfredo.lopezdesosoaga@ehu.eus |
| 100 1# - ASIENTO PRINCIPAL--NOMBRE PERSONAL |
| Nombre de persona |
Ugalde Gorostiza, Ana Isabel |
| 245 10 - MENCIÓN DE TÍTULO |
| Título |
Cómo evaluar una simulación de la metodología por proyectos a través del uso de rúbricas en el Grado de Educación Primaria |
| 506 ## - NOTA DE RESTRICCIONES AL ACCESO |
| Limitaciones de acceso |
Acceso abierto |
| 520 3# - NOTA DE RESUMEN, ETC. |
| Sumario, etc. |
El desarrollo de competencias transversales en los grados universitarios requiere enfoques metodológicos que diluyan las barreras entre las distintas disciplinas. Para responder a ese desafío se han diseñado e implementado los trabajos modulares interdisciplinares (TMI). Este artículo presenta los instrumentos de evaluación de una propuesta didáctica interdisciplinar implantada en el grado de Educación Primaria para dar a conocer la metodología por proyectos de aula. Se trata de cuatro rúbricas que informan del progreso del trabajo cooperativo de los estudiantes y del producto final escrito y oral. Con el objetivo de conocer el impacto que tiene esta metodología en el desarrollo de las competencias profesionales de los futuros docentes, se diseñó un cuestionario de opinión sobre la misma. Asimismo, se exponen los resultados de evaluación sobre dicha metodología, obtenidos en el segundo año de la implantación del proyecto modular interdisciplinar, tanto desde el punto de vista del alumnado como del profesorado. Los resultados evidencian la importancia de la coordinación entre el profesorado y del acompañamiento al alumnado durante todo el proceso, orientándolo en la simulación, ayudándolo a establecer vínculos entre la teoría y la práctica y dotándolo de herramientas que faciliten la elaboración del TMI. REIFOP |
| 541 ## - NOTA DE FUENTE DE ADQUISICIÓN DIRECTA |
| Fuente de adquisición |
Acceso gratuito |
| 650 #4 - ASIENTO SECUNDARIO DE MATERIA - TERMINO TEMATICO |
| Término de materia o nombre geográfico como elemento de entrada |
Aprendizaje basado en proyectos |
| 9 (RLIN) |
27842 |
| 653 0# - TERMINO DE INDIZACION - NO CONTROLADO |
| Término no controlado |
Formación docente |
| 653 0# - TERMINO DE INDIZACION - NO CONTROLADO |
| Término no controlado |
Rúbricas |
| 653 0# - TERMINO DE INDIZACION - NO CONTROLADO |
| Término no controlado |
Trabajo interdisciplinario |
| 773 ## - ENLACE AL DOCUMENTO FUENTE/ENTRADA DE REGISTRO ANFITRIÓN |
| Descripción física |
Vol. 21, no. 2 (2018), p. 43-63 |
| Título |
REIFOP: revista electrónica interuniversitaria de formación del profesorado |
| Número Internacional Normalizado para Publicaciones Seriadas |
1575-0965 |
| 856 4# - LOCALIZACIÓN Y ACCESO ELECTRÓNICOS |
| Identificador Uniforme del Recurso |
<a href="https://revistas.um.es/reifop/article/view/315011">https://revistas.um.es/reifop/article/view/315011</a> |
| 856 4# - LOCALIZACIÓN Y ACCESO ELECTRÓNICOS |
| Identificador Uniforme del Recurso |
<a href="https://doi.org/10.6018/reifop.21.2.315011">https://doi.org/10.6018/reifop.21.2.315011</a> |
| 902 ## - ELEMENTOS DE DATOS B LOCAL, LDB (RLIN) |
| Creó |
Leonor Sotres/231024 |
| 905 ## - TIPO DE MATERIAL |
| Tipo de material |
Articulo |
| 942 ## - ELEMENTOS DE PUNTO DE ACCESO ADICIONAL (KOHA) |
| Tipo de ítem Koha |
Artículo Electrónico |